The true vine: (Record no. 12678)

000 -LEADER
fixed length control field 00563nam a2200181 a 4500
001 - CONTROL NUMBER
control field :::00010492$&:&@@
003 - CONTROL NUMBER IDENTIFIER
control field OkBaRHE
005 - DATE AND TIME OF LATEST TRANSACTION
control field 20000607103359.0
008 - FIXED-LENGTH DATA ELEMENTS--GENERAL INFORMATION
fixed length control field s1879 j 000 0 eng u
040 ## - CATALOGING SOURCE
Transcribing agency
100 1# - MAIN ENTRY--PERSONAL NAME
Personal name Macmillan, Hugh.
245 14 - TITLE STATEMENT
Title The true vine:
Remainder of title or, The analogies of our Lord's allegory.
260 ## - PUBLICATION, DISTRIBUTION, ETC. (IMPRINT)
Place of publication, distribution, etc London, UK:EN., :
Name of publisher, distributor, etc Macmillan and Co.
Date of publication, distribution, etc 1879
300 ## - PHYSICAL DESCRIPTION
Extent 328 p. ;
Dimensions 23 cm.
650 ## - SUBJECT ADDED ENTRY--TOPICAL TERM
Topical term or geographic name as entry element Christian Life
942 ## - ADDED ENTRY ELEMENTS (KOHA)
Source of classification or shelving scheme
Koha item type Books
Copies
Date last seen Date acquired Damaged status Permanent Location Price effective from Lost status Copy number Not for loan Barcode Koha item type Full call number Shelving location Source of classification or shelving scheme Withdrawn status
2010-04-142010-04-14 RHEMA Bible Training College2010-04-14 1 10492BooksBV 4501 .M3General Stacks